| 000 | 00690nam a2200193 a 4500 | ||
|---|---|---|---|
| 008 | 160623c19999999||||||||||||||||| || u | ||
| 020 | _a0072893028 | ||
| 050 | _aCD/HF 1017 Acz | ||
| 100 | _aAczel, Amir D | ||
| 245 | 1 | 0 |
_aComplete business statistics. (4th ed.) _cAmie D. Aczel _h[cd-rom] |
| 250 | _a4th ed. | ||
| 260 |
_aBoston: _bIrwin/McGraw-Hill _c1999 |
||
| 300 | _a4 3/4 in. | ||
| 350 | _a0.00 | ||
| 500 | _aAccompanied with 2 CD-ROMs (see CBU Reference Librarian) | ||
| 650 | 0 | _aCOMMERCIAL STATISTICS | |
| 650 | 3 | _aP0PULATION STATISTICS | |
| 995 |
_FCBU-MAIN LIBRARY (Kitwe) _I0.00 _M1 _UAVAILABLE _WJun 23, 2016 _Ze-Media Collection |
||
| 999 |
_c38129 _d38129 |
||